000 00744nam a2200265Ia 4500
003 OSt
005 20221006150628.0
006 a|||||r|||| 00| 0
007 ta
008 221006b |||||||| |||| 00| 0 jpn d
020 _c¥1200
024 _a19,304
037 _bGift, Japan Foundation
_cTextual
040 _aEASL
_cEASL
_bjpn
041 _2jpn
_ajpn
082 _aV42:19.N8, M2
100 _aGAIMUSHO SENHO GAIKOSHI KENKYUKAI
_9657192
245 0 _aNihon gaiko 30 nen
260 _aTokyo
_bSekai No Goki Sha Japan
_c1982
300 _a324p.
_ccm.
490 _v JL
650 _aJL
942 _hV42:19.N8, M2
_cTEXL
_2CC
999 _c1087390
_d1087390